Derecho del consumidor: protección del consumidor en la ley Nº19.496, de 1997, modificada por la ley Nº19.955, de 14 de julio de 2004, y en la legislación comparada

Збережено в:
Бібліографічні деталі
Автор: Sandoval López, Ricardo (Автор)
Формат: Книга
Мова:Іспанська
Опубліковано: Santiago Jurídica de Chile 2004
Редагування:1a. ed
Предмети:
Теги: Додати тег
Немає тегів, Будьте першим, хто поставить тег для цього запису!

MARC

LEADER 00000cam a2200000 a 4500
001 UCK0950
003 CL-VaPUC
008 041029e20040000CL |||||||||||||||||spa|d
020 |a 9561015684 
082 0 4 |a 343.83071  |b SAN  |2 21 
100 0 |a Sandoval López, Ricardo  |e author  |9 170 
245 1 0 |a Derecho del consumidor: protección del consumidor en la ley Nº19.496, de 1997, modificada por la ley Nº19.955, de 14 de julio de 2004, y en la legislación comparada 
250 |a 1a. ed 
300 |a 247 p 
942 |c BK 
945 |d 20041029 00:00:00  |a cmena 
260 |a Santiago  |b Jurídica de Chile  |c 2004 
600 0 7 |a SERNAC  |2 CL-VaPUC  |9 488743 
650 0 |a Protección del consumidor  |9 474424 
650 0 |a Ley del consumidor  |9 488744 
650 7 |a DERECHO DEL CONSUMIDOR  |2 CL-VaPUC  |9 474425 
650 0 |a Derecho comparado  |9 255664 
583 |a last modification  |c 20190328 01:20:52  |k Rodrigo Vera 
999 |c 311097  |d 311095 
952 |0 0  |1 0  |4 0  |6 343_830710000000000_SAN_2004  |7 0  |8 A  |9 380321  |a BIBDER  |b BIBDER  |d 2019-11-21  |i 4079558  |l 1  |m 4  |o 343.83071 SAN 2004  |p 4079558  |q 2025-12-31  |r 2020-03-13  |s 2020-03-13  |w 2019-11-21  |y BK  |k DER 
952 |0 0  |1 0  |4 0  |6 343_830710000000000_SAN_2004  |7 0  |8 A  |9 380323  |a BIBDER  |b BIBDER  |d 2019-11-21  |i 4079590  |l 2  |m 4  |o 343.83071 SAN 2004  |p 4079590  |q 2025-12-31  |r 2020-03-20  |s 2020-03-20  |w 2019-11-21  |y BK  |k DER 
952 |0 0  |1 0  |4 0  |6 343_830710000000000_SAN_2004  |7 0  |8 A  |9 380324  |a BIBDER  |b BIBDER  |d 2019-11-21  |i 4509080  |o 343.83071 SAN 2004  |p 4509080  |r 2023-01-25  |w 2019-11-21  |y BK  |k DER 
952 |0 0  |1 0  |3 erb  |4 0  |6 343_830710000000000_SAN_2004  |7 0  |8 A  |9 380325  |a BIBDER  |b BIBDER  |i 5539706  |o 343.83071 SAN 2004  |p 5539706  |r 2023-01-25  |w 2019-11-21  |y BK  |z Catalogado en:20190329  |k DER